000 00811nas a2200253 4500
001 BR8404331
003 BR-BrBNA
005 20231205085953.0
007 ta
008 230509b bl.|||p| |||| 00| 00por d
040 _aBR-BrBNA
_bpor
_cBiblioteca Nacional de Agricultura
041 _a(Pt)
072 _aH10
100 1 _aAlmeida, R.E. de
100 1 _aHebling-Beraldo, M.J.A.
100 1 _aPolezi, K.R.
245 1 _aToxicidade de inseticidas piretroides para tres especies do genero Atta (Hymenoptera: Formicidae)[formiga]
650 _aFORMIGA
650 _aINSETICIDA PIRETROIDE
650 _aTOXIDEZ
773 0 _tAnais da Sociedade Entomologica do Brasil (Brazil)
_xISSN 0301-8059
_g(1984), v. 13(2) p. 259-304
_wBR8404331
909 _a202311
_bLúcia
_c55
_dLúcia Elande
942 _2AGRIS
_n0
_cANA
999 _c115200
_d115200